<?xml version="1.0" encoding="UTF-8"?><?xml-stylesheet type="text/xsl" href="static/style.xsl"?><OAI-PMH xmlns="http://www.openarchives.org/OAI/2.0/" xmlns:xsi="http://www.w3.org/2001/XMLSchema-instance" xsi:schemaLocation="http://www.openarchives.org/OAI/2.0/ http://www.openarchives.org/OAI/2.0/OAI-PMH.xsd"><responseDate>2026-04-18T14:56:23Z</responseDate><request verb="GetRecord" identifier="oai:riubu.ubu.es:10259/10562" metadataPrefix="marc">https://riubu.ubu.es/oai/request</request><GetRecord><record><header><identifier>oai:riubu.ubu.es:10259/10562</identifier><datestamp>2025-06-18T00:05:34Z</datestamp><setSpec>com_10259_4684</setSpec><setSpec>com_10259_2684</setSpec><setSpec>com_10259_2693</setSpec><setSpec>col_10259_10564</setSpec><setSpec>col_10259_10563</setSpec><setSpec>col_10259_9041</setSpec><setSpec>col_10259_7884</setSpec><setSpec>col_10259_10560</setSpec><setSpec>col_10259_9039</setSpec></header><metadata><record xmlns="http://www.loc.gov/MARC21/slim" xmlns:doc="http://www.lyncode.com/xoai" xmlns:xsi="http://www.w3.org/2001/XMLSchema-instance" xmlns:dcterms="http://purl.org/dc/terms/" xsi:schemaLocation="http://www.loc.gov/MARC21/slim http://www.loc.gov/standards/marcxml/schema/MARC21slim.xsd">
<leader>00925njm 22002777a 4500</leader>
<datafield tag="042" ind1=" " ind2=" ">
<subfield code="a">dc</subfield>
</datafield>
<datafield tag="720" ind1=" " ind2=" ">
<subfield code="a">Pérez Cornejo, Clara</subfield>
<subfield code="e">author</subfield>
</datafield>
<datafield tag="720" ind1=" " ind2=" ">
<subfield code="a">Carrión Moneo, Elena</subfield>
<subfield code="e">author</subfield>
</datafield>
<datafield tag="720" ind1=" " ind2=" ">
<subfield code="a">Quevedo Puente, Mª Esther</subfield>
<subfield code="e">author</subfield>
</datafield>
<datafield tag="720" ind1=" " ind2=" ">
<subfield code="a">Barrero Ahedo, Jesús P.</subfield>
<subfield code="e">author</subfield>
</datafield>
<datafield tag="720" ind1=" " ind2=" ">
<subfield code="a">Rodríguez Torrico, Paula</subfield>
<subfield code="e">author</subfield>
</datafield>
<datafield tag="260" ind1=" " ind2=" ">
<subfield code="c">2025</subfield>
</datafield>
<datafield tag="520" ind1=" " ind2=" ">
<subfield code="a">In light of the current ecological crisis, the need for new economic systems has become urgent. The circular economy emerges as a promising model: an industrial system designed to be restorative by nature. It emphasizes the use of renewable energy, the reduction and elimination of toxic chemicals, and the eradication of waste through thoughtful design (MacArthur, 2013). Following a circular economy model, this educational resource introduces an escape room activity—an immersive and interactive experience aimed at helping students grasp the principles of the circular economy in an engaging, hands-on way.</subfield>
</datafield>
<datafield tag="024" ind2=" " ind1="8">
<subfield code="a">https://hdl.handle.net/10259/10562</subfield>
</datafield>
<datafield ind1=" " ind2=" " tag="653">
<subfield code="a">Circular economy</subfield>
</datafield>
<datafield ind1=" " ind2=" " tag="653">
<subfield code="a">Sustainability</subfield>
</datafield>
<datafield ind1=" " ind2=" " tag="653">
<subfield code="a">Escape room</subfield>
</datafield>
<datafield ind1=" " ind2=" " tag="653">
<subfield code="a">Erasmus+</subfield>
</datafield>
<datafield ind1=" " ind2=" " tag="653">
<subfield code="a">Teaching innovation strategy</subfield>
</datafield>
<datafield tag="245" ind1="0" ind2="0">
<subfield code="a">Circular economy escape room: a teaching innovation strategy to address the ecological crisis</subfield>
</datafield>
</record></metadata></record></GetRecord></OAI-PMH>